000 00356nam a2200145Ia 4500
008 150201s2010 xx 000 0 und d
082 _a617.6
_bO2010O
100 _aONGLE,R
245 _aTEXT BOOK OF ORAL MEDICINE ,ORAL DIAGNOSIS
250 _a1ST
260 _bELSEVIER
_aDELHI
_c2010
300 _a1-824
650 _aORAL MEDICINE
942 _2ddc
_cBK
_08
999 _c4699
_d4699